00487nam a22001697a 450000500170000001000150001702000260003203500140005803700090007208200080008110000180008924500760010726000430018327000670022630000210029370000030031420240524151942.0 aENG-140501 a9788192557830c700.00 aEN-124033 bDBAD a920 aBakshi, Manju aThe Life And Times Of Maharaja Ranjit Singh/c By Manju BakshihEnglish aNew DelhibShreya Trader's & Co.c2017 a2nd Floor, Bengali Colony, Mahaveer EnclavebNew Delhi- 110045 a224p.c21 cm(hb)